El rechazo de Dios

Na minha lista:
Detalhes bibliográficos
Autor principal: Castro y Castro, Antonio
Formato: Livro
Idioma:Spanish
Publicado em: Barcelona, España Ambito literario 1978
Assuntos:
Tags: Adicionar Tag
Sem tags, seja o primeiro a adicionar uma tag!

MARC

LEADER 00000nam a2200000Ia 4500
008 170316s9999 xx 000 0 spa d
040 |a cru BVZT 
090 |a 862 C-28r 
100 |a Castro y Castro, Antonio 
245 |a El rechazo de Dios 
260 |a Barcelona, España 
260 |b Ambito literario 
260 |c 1978 
300 |a 153 páginas 
650 |a LITERATURA ESPAÑOLA 
999 |c 9647  |d 9647 
942 |c 15 D  |h 862 C-28r  |2 z